000
00206nam a22000857a 4500
999
_c
65042
_d
65039
082
_a
297.03
_a
UPL
100
_a
یونورستی آف پنجاب
245
_a
داۂراۂ معارف اسلامیے
942
_c
BK